[Event "Chess House"]
[Site "Aarhus"]
[Date "2012.07.15"]
[Round "8"]
[White "Hansen, Mads Smith"]
[Black "Eggleston, David"]
[Result "0-1"]
[WhiteElo "2341"]
[BlackElo "2323"]
[PlyCount "66"]
[EventDate "2012.07.07"]
[EventType "tourn"]
[EventRounds "9"]
[EventCountry "DEN"]
[EventCategory "4"]
[SourceTitle "CBM 149 Extra"]
[Source "ChessBase"]
[SourceDate "2012.08.24"]

1. e4 c5 2. Nf3 d6 3. d4 cxd4 4. Nxd4 Nf6 5. f3 e5 6. Nb3 Be6 7. Bg5 Be7 8. c4
a5 9. Nc3 a4 10. Nd2 Qa5 11. Rc1 Nc6 12. Bd3 O-O 13. Be3 Bd8 14. a3 Bb6 15.
Bxb6 Qxb6 16. Nxa4 Qe3+ 17. Be2 Nd4 18. Nc3 Nh5 19. Nf1 Qg5 20. g3 f5 21. Qd2
f4 22. h4 Qd8 23. g4 Nb3 24. Qd1 Nxc1 25. Qxc1 Ng3 26. Nxg3 fxg3 27. Qe3 Rc8
28. Nd5 Bxd5 29. exd5 b5 30. Kf1 bxc4 31. Kg2 Qf6 32. Kxg3 Qf4+ 33. Kf2 Qxg4
0-1

[Event "Chess House"]
[Site "Aarhus"]
[Date "2012.07.15"]
[Round "8"]
[White "Papp, Petra"]
[Black "Hagesaether, Halvard"]
[Result "1/2-1/2"]
[WhiteElo "2303"]
[BlackElo "2278"]
[PlyCount "48"]
[EventDate "2012.07.07"]
[EventType "tourn"]
[EventRounds "9"]
[EventCountry "DEN"]
[EventCategory "4"]
[SourceTitle "CBM 149 Extra"]
[Source "ChessBase"]
[SourceDate "2012.08.24"]

1. e4 c5 2. Nf3 d6 3. d4 cxd4 4. Nxd4 Nf6 5. Nc3 a6 6. Be3 e5 7. Nb3 Be6 8. f3
h5 9. Qd2 Nbd7 10. O-O-O Be7 11. Kb1 b5 12. Qf2 Rb8 13. Nd5 Bxd5 14. exd5 a5
15. g3 a4 16. Nc1 Qa5 17. Qd2 b4 18. a3 Nb6 19. axb4 Qxd5 20. Bxb6 Qxd2 21.
Bb5+ Kf8 22. Rxd2 Rxb6 23. Bxa4 Rxb4 24. Bc6 g6 1/2-1/2

[Event "Chess House"]
[Site "Aarhus"]
[Date "2012.07.15"]
[Round "8"]
[White "Pedersen, Nicolai Vesterbaek"]
[Black "Semcesen, Daniel"]
[Result "1/2-1/2"]
[WhiteElo "2453"]
[BlackElo "2464"]
[PlyCount "25"]
[EventDate "2012.07.07"]
[EventType "tourn"]
[EventRounds "9"]
[EventCountry "DEN"]
[EventCategory "4"]
[SourceTitle "CBM 149 Extra"]
[Source "ChessBase"]
[SourceDate "2012.08.24"]

1. d4 d5 2. c4 dxc4 3. Nf3 a6 4. e3 b5 5. a4 Bb7 6. axb5 axb5 7. Rxa8 Bxa8 8.
b3 e6 9. bxc4 bxc4 10. Ne5 Nd7 11. Qa4 Ngf6 12. Nd2 Bd6 13. Ndxc4 1/2-1/2

[Event "Chess House"]
[Site "Aarhus"]
[Date "2012.07.08"]
[Round "2"]
[White "Sorensen, Torben Kyhl"]
[Black "Jacobsen, Bo"]
[Result "1/2-1/2"]
[WhiteElo "2181"]
[BlackElo "2302"]
[PlyCount "106"]
[EventDate "2012.07.07"]
[EventType "tourn"]
[EventRounds "9"]
[EventCountry "DEN"]
[EventCategory "4"]
[SourceTitle "CBM 149 Extra"]
[Source "ChessBase"]
[SourceDate "2012.08.24"]

1. e4 g6 2. d4 Bg7 3. Nc3 c6 4. a4 d6 5. Nf3 Nd7 6. Be2 e5 7. dxe5 dxe5 8. Be3
Ngf6 9. h3 Qe7 10. Qd3 O-O 11. a5 Re8 12. Qc4 Nb8 13. Bc5 Qc7 14. Qb4 Bf8 15.
Bxf8 Rxf8 16. Na4 b6 17. axb6 axb6 18. O-O Nbd7 19. Rfd1 c5 20. Qb3 Bb7 21. Nc3
Rxa1 22. Rxa1 Nxe4 23. Nxe4 Bxe4 24. Ng5 Qb7 25. Nxe4 Qxe4 26. Bc4 Kg7 27. Ra7
Nf6 28. Qd3 Qf4 29. b3 e4 30. Qc3 Qd6 31. Rb7 Qc6 32. Re7 b5 33. Be2 Qd6 34.
Rxe4 b4 35. Qe5 Qxe5 36. Rxe5 Re8 37. Rxe8 Nxe8 38. f4 Kf6 39. Kf2 g5 40. Kf3
Nd6 41. g4 h6 42. Bd3 Ke6 43. Bc4+ Ke7 44. Bd3 f6 45. Bc4 Kd7 46. Ke3 Kc6 47.
Be2 gxf4+ 48. Kxf4 Kd5 49. Bd3 Kd4 50. h4 Kc3 51. h5 Kd4 52. Be2 Kd5 53. Bd3
Kd4 1/2-1/2